South Eastern Kenya University

Library Online Public Access Catalogue


Prealgebra / (Record no. 7983)

MARC details
000 -LEADER
fixed length control field 00714cam a22002174a 4500
020 ## - INTERNATIONAL STANDARD BOOK NUMBER
International Standard Book Number 0321567927 (student edition)
020 ## - INTERNATIONAL STANDARD BOOK NUMBER
International Standard Book Number 9780321567925 (student edition)
020 ## - INTERNATIONAL STANDARD BOOK NUMBER
International Standard Book Number 9780321574725 (annotated instructor's edition)
020 ## - INTERNATIONAL STANDARD BOOK NUMBER
International Standard Book Number 0321574729 (annotated instructor's edition)
050 00 - LIBRARY OF CONGRESS CALL NUMBER
Classification number QA39.3
Item number .L53 2010
100 1# - MAIN ENTRY--PERSONAL NAME
Personal name Lial, Margaret L.
245 10 - TITLE STATEMENT
Title Prealgebra /
Statement of responsibility, etc. Margaret L. Lial, Diana L. Hestwood.
250 ## - EDITION STATEMENT
Edition statement 4th ed.
260 ## - PUBLICATION, DISTRIBUTION, ETC. (IMPRINT)
Place of publication, distribution, etc. Boston, MA [USA] :
Name of publisher, distributor, etc. Addison-Wesley,
Date of publication, distribution, etc. c2010.
300 ## - PHYSICAL DESCRIPTION
Extent xii, 794, [55] p. :
500 ## - GENERAL NOTE
General note Includes index.
650 ## - SUBJECT ADDED ENTRY--TOPICAL TERM
General subdivision Mathematics.
700 1# - ADDED ENTRY--PERSONAL NAME
Personal name Hestwood, Diana.
856 41 - ELECTRONIC LOCATION AND ACCESS
Uniform Resource Identifier <a href="http://www.loc.gov/catdir/toc/ecip0820/2008024471.html">http://www.loc.gov/catdir/toc/ecip0820/2008024471.html</a>
942 ## - ADDED ENTRY ELEMENTS (KOHA)
Source of classification or shelving scheme Library of Congress Classification
Koha item type General circulation
Holdings
Withdrawn status Lost status Source of classification or shelving scheme Damaged status Not for loan Home library Current library Shelving location Date acquired Cost, normal purchase price Total Checkouts Full call number Barcode Date last seen Cost, replacement price Price effective from Koha item type Public note
    Library of Congress Classification     Main Campus Library Main Campus Library General Stacks 03/08/2015 13296.00   QA39.3 .L53 2010 2015/005943 03/08/2015 14625.00 03/08/2015 General circulation Nzk
    Library of Congress Classification     Main Campus Library Main Campus Library   19/05/2017     QA39.3 .L53 2010 2015/002365 19/05/2017     CD/DVD-ROMs  
    Library of Congress Classification     Wote Campus Library Wote Campus Library General Stacks 05/05/2016     QA39.3 .L53 2010 2016/011614 05/05/2016   05/05/2016 General circulation GM
Kitui, Kenya.
+254736116989
library@seku.ac.ke